00283nam a2200097Ia 4500008004100000041000800041100002600049245006000075260003100135999001900166241105s9999 xx 000 0 und d aeng aPotdar Renu S9182905 aRevitalization Of Yellamma Temple Precinct At Saundatti bBNCA B-Arch ID, Punec2016 c361198d361198